| 000 | 00455nam a2200181Ia 4500 | ||
|---|---|---|---|
| 008 | 120817t2001 xxu||||| |||| 00| 0 sin d | ||
| 041 | _asin | ||
| 080 |
_a8-31 (Japan) _bBUC |
||
| 100 | _aPearl,S. Buck | ||
| 245 | _aසකායි | ||
| 246 | _aSakai | ||
| 260 |
_aNihal Rajakaruna _aNugegoda _c2001 |
||
| 300 | _b152p, 21 cm | ||
| 700 |
_aRajakarunanayaka,Sunethra _etr. |
||
| 942 | _cBK | ||
| 999 |
_c40199 _d40199 |
||
| 003 | LK-CoDNM | ||
| 040 |
_aLK-CoDNM _dLK-CoDNM _eLK-CoDNM |
||